000 00484nam a2200193Ia 4500
005 20250507125813.0
008 008 250505s9999 xx 000 0 kor d
020 _a8809375120021
037 _aAudio
040 _aEASL
_beng
_cEASL
041 _akor
_2eng
084 _aCD00306-307
_qEASL
245 0 _aNew Breed Jaypark live in Seoul
365 _aW
_b33000
490 _vV. 2
650 _aKorean
942 _cAUD
_hCD00306-307
999 _c1313290
_d1313290